01611 a2200181 45000010006000000050017000060080041000230030015000640400040000790800104001192450084002232640041003073000019003485051002003671000020013696500019013896500021014082699220260407155547.0260407a1974 arg spa dAR-UNSa-BCEJYS aAR-UNSa-BCEJYSbspacAR-UNSa-BCEJYS a347.736xQuiebra. Insolvencia. Suspensión de pagos. Bancarrota, procedimientos. Derecho Concursal10aConcursospLey 19551, comentada y anotada, sus reformas y leyes complementarias 1aBuenos Aires :bAbeledo Perrotc1974 a726 p.c23 cm. aParte I: De los concursos comerciales: 1. Principios generales - Parte II: Concurso preventivo: 1. Requisistos - 2. Apertura - 3. Tramite hasta la junta - 4. Contenido y votación del acuerdo preventivo - 5. Impugnación,homologación, cumplimiento y nuludad del acuerdo - 6. Disposiciones particulares para el acuerdo por cesión de bienes - Parte III: Quiebra: 1. Declaración - 2. Efectos de la quiebra - 3. Extensión de la quiebra y responsabilidad de terceros - 4. Incautación, conservación y administración de los bienes - 5. Periodo informativo de la quiebra - 6. Liquidación y distribución - 7. Conclusión de la quiebra - 8. Clausura del procedimiento - 9. Calificación de conducta del fallido y de terceros - 10. Rehabilitación - Parte IV: Concurso en caso de liquidación administrativa - Parte V: Disposiciones Comunes: 1. Privilegios - 2. Funcionarios y empleados de lso concursos - 3. Reglas procesales - Parte V: Disposiciones complementarias y transitorias.1 aSajon, Jaime V. aLey Nº 19.551 a ley nº 19 551